Fast typing 1 to 20 - Statistics

General Stats
  • This quiz has been taken 622 times
  • The average score is 19 of 20
Answer Stats
Number % Correct
1
100%
5
100%
6
100%
8
100%
9
100%
2
99%
3
99%
4
99%
7
99%
10
96%
11
95%
12
94%
13
93%
14
91%
15
89%
16
88%
17
88%
18
86%
19
83%
20
80%
No matching quizzes found
Score Distribution
Percent of People with Each Score
Percentile by Number Answered
Your Score History
You have not taken this quiz